Analýza finančnej situácie podniku na základe údajov z účtovnej závierky

Guardado en:
Detalles Bibliográficos
Autor principal: Godóová, Beata
Formato: Libro
Lenguaje:eslovaco
Publicado: Bratislava STU FCHPT 2009
Acceso en línea:Ver en el OPAC
Etiquetas: Agregar Etiqueta
Sin Etiquetas, Sea el primero en etiquetar este registro!

MARC

LEADER 00000nam a2200000 a 4500
005 20260127134057.0
008 090701 2009 xo 000 0 slo d
035 |a vtls009622978 
039 9 |y 200907011210  |z mschk03 
040 |a STUSCHK1  |b slo  |c STUSCHK1  |e AACR2 
100 1 |a Godóová, Beata 
245 1 |a Analýza finančnej situácie podniku na základe údajov z účtovnej závierky  |c Beata Godóová 
260 |a Bratislava  |b STU FCHPT  |c 2009 
300 |a 94 s.  |b il.  |c 30cm 
500 |a Obháj.: 9.6. 2009 
500 |a Študijný program: manažérstvo chemických a potravinárskych technológií 
500 |a Študijný odbor: 5.2.52 priemyselné inžinierstvo, 5.2.18 chemické technológie 
500 |a Miesto vypracovania: Oddelenie manažmentu chemických a potravinárskych technológií, FCHPT STU 
910 |a SCHK95 
999 |c 3531  |d 3531